书目信息 |
| 题名: |
FoxPro 2.5快速入门
|
|
| 作者: | 杨俊安 , 唐述毅 , 丁小鹏 编著 | |
| 分册: | ||
| 出版信息: | 北京 中国致公出版社 1994 |
|
| 页数: | 250页 | |
| 开本: | 26cm | |
| 丛书名: | ||
| 单 册: | ||
| 中图分类: | TP312 | |
| 科图分类: | ||
| 主题词: | 软件 | |
| 电子资源: | ||
| ISBN: | 7-80096-010-2 | |
| 000 | 00667nam0 2200217 450 | |
| 001 | 0758824446 | |
| 005 | 20070110162137.29 | |
| 010 | @a7-80096-010-2@dCNY 19.80 | |
| 100 | @a20070110d1994 km y0chiy0120 ea | |
| 101 | 0 | @achi |
| 102 | @aCN | |
| 200 | 1 | @aFoxPro 2.5快速入门@AFoxPro 2.5 kuai su ru men@f杨俊安,唐述毅,丁小鹏编著@Fyang jun an,tang shu yi,ding xiao peng bian zhu |
| 210 | @a北京@c中国致公出版社@d1994 | |
| 215 | @a250页@d26cm | |
| 606 | 0 | @a软件 |
| 690 | @aTP312@v3 | |
| 701 | 0 | @a杨俊安@Ayang jun an@4编著 |
| 701 | 0 | @a唐述毅@Atang shu yi@4编著 |
| 701 | 0 | @a丁小鹏@Ading xiao peng@4编著 |
| 801 | 0 | @aCN@bNISOFT@c20070110 |
| 905 | @a10447@dTP312@eY863 | |
| FoxPro 2.5快速入门/杨俊安,唐述毅,丁小鹏编著.-北京:中国致公出版社,1994 |
| 250页;26cm |
| ISBN 7-80096-010-2:CNY 19.80 |
| ● |
| 相关链接 |
|
|
|
正题名:FoxPro 2.5快速入门
索取号:TP312/Y863
 
预约/预借
| 序号 | 登录号 | 条形码 | 馆藏地/架位号 | 状态 | 备注 |
| 1 | 444837 | 204448375 | 自科二线504/504自科库 3排1列1层/ [索取号:TP312/Y863] | 在馆 |